00748nam a2200205 a 450000100100000000500170001000800410002704000250006808200200009310000370011324500510015026000640020130000210026559000260028665000270031265000310033991000370037095201180040799900170052500001712220240530073918.0100317s1951 dr 000 f spa d aDO-SdBNPbspacBNPHU aRD863.44bC723m1 aColson, Jaime,d1901-197593772313aEl maestro del vale :bnovela /cJaime Colson. aCiudad Trujillo, República Dominicana :bMontalvo,c1951. a285 p. ;c20 cm. aInventariado, 2018/LP 0aNovela dominicana9223 0aLiteratura dominicana.967 aValidado. Control de calidad MFF 001050718RVaPDbPDcHDd2010-03-17iLF1l0oRD863.44 C723mp17122-10r2020-06-25w2020-06-25y1ZNo se presta c16648d16648